Propuesta de renovación urbana, sector Pista Portezuelo, Distrito VI, Managua, periodo 2019-2034
Presenta una propuesta de renovación, ordenamiento y desarrollo urbano de sectores habitacionales que permita a la administración municipal de Managua con la finalidad de reconfigurar las áreas y actividades urbanas en función del bienestar de la población actual y futura.
| Main Author: | |
|---|---|
| Other Authors: | |
| Format: | Tesis Section = Libro |
| Language: | Undetermined Spanish |
| Published: |
Managua
UNI
2021
|
| Subjects: |
| LEADER | 01078nam a2200253Ia 4500 | ||
|---|---|---|---|
| 008 | 240830s9999 xx 000 0 und d | ||
| 040 | |a BIBLIOTECA-RUSB/ Mon 711.4 C754 | ||
| 041 | |a spa | ||
| 082 | |a Mon 711.4 C754 | ||
| 100 | 1 | |a Conrado Muñiz, Claudia Virginia | |
| 245 | 1 | 0 | |a Propuesta de renovación urbana, sector Pista Portezuelo, Distrito VI, Managua, periodo 2019-2034 |
| 260 | |a Managua |b UNI |c 2021 | ||
| 300 | |a 82 p. :il. | ||
| 500 | |a Contiene: anexos y CD. | ||
| 502 | |a Tesis (Arquitecto) - UNI, 2021. | ||
| 520 | 3 | |a Presenta una propuesta de renovación, ordenamiento y desarrollo urbano de sectores habitacionales que permita a la administración municipal de Managua con la finalidad de reconfigurar las áreas y actividades urbanas en función del bienestar de la población actual y futura. | |
| 650 | 7 | |a RENOVACION URBANA | |
| 650 | 7 | |b PLANIFICACION URBANA | |
| 650 | 7 | |c ASENTAMIENTOS HUMANOS | |
| 650 | 7 | |d ORDENAMIENTO Y DESARROLLO HUMANO | |
| 700 | 1 | |a Tutor: |b González Jirón, Jorge Samuel | |
| 942 | |c BK |2 ddc | ||
| 991 | |a TESIS | ||
| 999 | |c 22126 | ||